=LDR 00000nam 2200000 4500 =001 INLIS000000000047289 =005 20150930145806.0 =006 =007 =008 =020 ##$$a 978-979-29-2662-0 =035 ##$$0010-091500000000119 =040 ##$$a ind =082 ##$$a 530.07 =090 ##$$a 530.076 $b Sam a =100 ##$$a Samekto =245 ##$$a Asik mempersiapkan =250 ##$$a Ed.1 =260 ##$$a Yogyakarta $b Andi $c 2010 =300 ##$$a x, 278 hlm $b 23 cm =850 ##$$a NBPDMAT =990 ##$$a 0001/BPAP-NTB/2015